| 000 | 00622nam a22001337a 4500 | ||
|---|---|---|---|
| 008 | 140910b xxu||||| |||| 00| 0 eng d | ||
| 050 | _aKF101.A312(vol. 38) | ||
| 245 |
_aCases argued and decided in the supreme court of the United States 1894 1920: _b151, 152, 153, 154,U.S., lawyers' edition, complete with headlines, headnotes, statements of cases, points and authorities of counsel, footnotes, and parallel references edited by Stephen K. Williams. / |
||
| 260 |
_aNew York: _bThe Lawyers co-operative pub. co., _c1894. |
||
| 300 |
_a1096p. _c24cm. |
||
| 440 | _vVol. 38 | ||
| 500 | _aIncludes appendix | ||
| 942 |
_2lcc _cBK |
||
| 999 |
_c4543 _d12043 |
||